Central Library OPAC University of Rajshahi

রবার্ট ফ্রস্টের নির্বাচিত কবিতা / (Record no. 48650)

MARC details
000 -LEADER
fixed length control field 00986nam a2200241 a 4500
001 - CONTROL NUMBER
control field 48650
003 - CONTROL NUMBER IDENTIFIER
rucl marc code BD-RjUL
005 - DATE AND TIME OF LATEST TRANSACTION
control field 20220313105844.0
008 - FIXED-LENGTH DATA ELEMENTS--GENERAL INFORMATION
fixed length control field 160810s1987 bg a|||| |||| 00| p ben d
035 ## - SYSTEM CONTROL NUMBER
System control number (BD-RjUL)48769
040 ## - CATALOGING SOURCE
Original cataloging agency BD-RjUL
Language of cataloging ben
Transcribing agency BD-RjUL
041 ## - LANGUAGE CODE
Language code of text/sound track or separate title ben
082 ## - DEWEY DECIMAL CLASSIFICATION NUMBER
Edition number 23
Classification number 811
Author mark and year FRR 1987
100 1# - MAIN ENTRY--PERSONAL NAME
Personal name ফ্রস্ট, রবার্ট
9 (RLIN) 145001
245 10 - TITLE STATEMENT
Title রবার্ট ফ্রস্টের নির্বাচিত কবিতা /
Statement of responsibility, etc. রবার্ট ফ্রস্ট; অনুবাদ শামসুর রাহমান
250 ## - EDITION STATEMENT
Edition statement ৩য় সং
260 ## - PUBLICATION, DISTRIBUTION, ETC. (IMPRINT)
Place of publication, distribution, etc. ঢাকা :
Name of publisher, distributor, etc. বাংলা একাডেমী,
Date of publication, distribution, etc. ১৯৮৭
300 ## - PHYSICAL DESCRIPTION
Pagination [২১], ১৬৮ পৃ. :
Illustrations চিত্র ;
Size ২১ সেমি.
650 ## - SUBJECT ADDED ENTRY--TOPICAL TERM
Topical term or geographic name as entry element আমেরিকান কবিতা
9 (RLIN) 145002
Topical term or geographic name as entry element American Poem
9 (RLIN) 145003
700 ## - ADDED ENTRY--PERSONAL NAME
Personal name রাহমান, শামসুর, অনুবাদক
942 ## - ADDED ENTRY ELEMENTS (KOHA)
Source of classification or shelving scheme Dewey Decimal Classification
Koha item type Books
Holdings
Lost status Source of classification or shelving scheme Damaged status Not for loan Collection code Permanent Location Current Location Shelving location Date acquired Source of acquisition Cost, normal purchase price Total Checkouts Full call number Date last seen Copy number Koha item type
  Dewey Decimal Classification     Non-fiction Central Library, University of Rajshahi Central Library, University of Rajshahi   06/07/1988 American Information service, Dhaka 6.00   B 811 FRR 1987 14/08/2016 C-2 Books
  Dewey Decimal Classification   Not For Loan Non-fiction Central Library, University of Rajshahi Central Library, University of Rajshahi Reading Room 11/09/1988       B 811 FRR 1987 25/01/2017 C-1 Books
  Dewey Decimal Classification     Non-fiction Central Library, University of Rajshahi Central Library, University of Rajshahi General Stacks 11/09/1988       B 811 FRR 1987 13/03/2022 C-3 Books